000 00508 a2200193 4500
001 113232
020 _a9788524916762
041 _apor
082 _aP Years 5 028
100 _aBezerra, Wagner.
250 _a1. Ed.
697 _aLiteratura infantojuvenil.
856 _u000023/00002322.jpg
040 _aBR-BrIDEA
_cBR-BrIDEA
090 _aP Years 5 028
_bBEZ
245 1 0 _aO segredo da caverna
_ba fábula da TV e da internet
_c Wagner Bezerra
260 _aSão Paulo
_bCortez
_c2011
942 _cBK
999 _c113232
_d113232